USMC Ranks - Statistics

General Stats
  • This quiz has been taken 121 times
  • The average score is 20 of 27
Answer Stats
Hint Rank % Correct
4 Corporal
98%
1 Private
97%
5 Sergeant
97%
2 Private First Class
89%
6 Staff Sergeant
89%
20 Captain
87%
27 General
85%
21 Major
85%
11 Sergeant Major
84%
3 Lance Corporal
82%
23 Colonel
81%
7 Gunnery Sergeant
81%
8 Master Sergeant
77%
25 Major General
74%
18 Second Lieutenant
74%
19 First Lieutenant
73%
26 Lieutenant General
73%
24 Brigadier General
69%
22 Lieutenant Colonel
69%
9 First Sergeant
65%
10 Master Gunnery Sergeant
65%
12 Sergeant Major of the Marine Corps
58%
13 Warrant Officer
56%
14 Chief Warrant Officer 2
40%
15 Chief Warrant Officer 3
39%
16 Chief Warrant Officer 4
39%
17 Chief Warrant Officer 5
39%
No matching quizzes found
Score Distribution
Percent of People with Each Score
Percentile by Number Answered
Your Score History
You have not taken this quiz